000 00603nam a22002177a 4500
003 OSt
005 20140310182801.0
008 130213t xxu||||| |||| 00| 0 eng d
020 _a9789812728524
050 _aTX 911.3.M27
_b.T284 2010
100 _aTesone, Dana.
245 _aPrinciples of management for the hospitality industry /
_cTesone, Dana.
260 _aPhilippines :
_bElsevier Ltd,
_c2010.
300 _a405 p. :
_bill. ;
_c25 cm.
521 _aTOU
650 _aHospitality industry
_xManagement
942 _2lcc
_cBK
_kFOR
999 _c15972
_d15972